000
00391nam a2200145Ia 4500
008
100122s9999 xx 000 0 und d
082
_b
63748
_a
823
100
_a
कर्णिक सुधाकर
245
_a
धांदल
260
_b
सत्यजय प्रकाशन
_c
2003
300
_a
426
630
_a
धांदल
730
_a
धांदल
942
_c
BOOK
999
_c
437638
_d
437635